Sports Quiz

Random Sports or Clickable Quiz

Quick Pick: '86 Mets Quiz Stats

 Plays Quiz not verified by Sporcle

Challenge
Share
Tweet
Embed
Score 0/18 Timer 01:00
0 Plays Today
% Correct
Dwight Gooden
94.3%
Darryl Strawberry
93.9%
Keith Hernandez
92.8%
Gary Carter
92%
Jesse Orosco
89.2%
Bob Ojeda
88.8%
Lenny Dykstra
88.6%
Mookie Wilson
88.2%
Howard Johnson
87.3%
% Correct
Ray Knight
86.6%
Ron Darling
83.9%
Sid Fernandez
83.9%
Roger McDowell
80.4%
Kevin Mitchell
80.1%
Tim Teufel
75.6%
Wally Backman
73.9%
Rick Aguilera
70.6%
Rafael Santana
70%

You're not logged in!

Compare scores with friends on all Sporcle quizzes.
Join for Free
OR
Log In

You Might Also Like...

Show Comments

Extras

Top Quizzes Today


Score Distribution

Your Account Isn't Verified!

In order to create a playlist on Sporcle, you need to verify the email address you used during registration. Go to your Sporcle Settings to finish the process.

Report this User

Report this user for behavior that violates our Community Guidelines.

Details: